| 000 | 01048cam a2200313 i 4500 | ||
|---|---|---|---|
| 999 |
_c200442394 _d60606 |
||
| 003 | TR-AnTOB | ||
| 005 | 20220412100818.0 | ||
| 007 | ta | ||
| 008 | 060405s1981 tu 000 0 tur d | ||
| 040 |
_aBGZ _beng _erda _cTR-AnTOB _dTR-AnTOB |
||
| 041 | 0 | _atur | |
| 050 |
_aKKX940 _b.R45 1981 |
||
| 090 |
_aTOBBK KKX940 _b.R45 1981 |
||
| 100 | 1 |
_aReisoğlu, Seza _eauthor _957996 |
|
| 245 | 1 | 0 |
_aBankalar kanunu açısından banka iştirakleri / _cSeza Reisoğlu. |
| 264 | 1 |
_aAnkara : _bTürkiye Bankalar Birliği Yayınları, _c1981. |
|
| 300 |
_a42 pages ; _c24 cm |
||
| 336 |
_atext _btxt _2rdacontent |
||
| 337 |
_aunmediated _bn _2rdamedia |
||
| 338 |
_avolume _bnc _2rdacarrier |
||
| 490 | 1 |
_aTürkiye Bankalar Birliği yayınları ; _v116 |
|
| 650 | 0 |
_aBanking law _zTurkey _920512 |
|
| 650 | 0 |
_aBanka hukuku _zTürkiye _920511 |
|
| 710 | 2 |
_aTürkiye Bankalar Birliği _934056 |
|
| 830 | 0 |
_aTürkiye Bankalar Birliği (Series) ; _vyayın no. 116. |
|
| 942 |
_2z _cBK |
||